|
|
|
|
| LEADER |
01210nam a2200325 4500 |
| 001 |
DLU200195063 |
| 005 |
##20200930 |
| 020 |
# |
# |
|a 9786047373376
|
| 040 |
# |
# |
|a DLU
|b vie
|
| 041 |
# |
# |
|a vie
|
| 044 |
# |
# |
|a vn
|
| 082 |
# |
# |
|a 895.922 09
|b NG-C
|
| 100 |
# |
# |
|a Nguyễn Cảnh Chương.
|
| 245 |
# |
# |
|a Nghiên cứu văn học Trung đại Việt Nam từ hướng tiếp cận liên ngành /
|c Nguyễn Cảnh Chương.
|
| 260 |
# |
# |
|a Tp. Hồ Chí Minh :
|b Đại học Quốc gia,
|c 2019.
|
| 300 |
# |
# |
|a viii, 130 tr. ;
|c 24 cm.
|
| 504 |
# |
# |
|a Tài liệu tham khảo: tr. 121-129.
|
| 505 |
# |
# |
|a Chương 1. Tổng quan về nghiên cứu văn học Trung đại Việt Nam -- Chương 2. Thành tựu nghiên cứu Trung đại Việt Nam theo hướng tiếp cận liên ngành -- Chương 3. Hạn chế và triển vọng trong hướng nghiên cứu liên ngành văn học Trung đại Việt Nam.
|
| 650 |
# |
# |
|a Văn học Việt Nam
|x Lịch sử và phê bình.
|
| 923 |
# |
# |
|a 01/2020
|
| 991 |
# |
# |
|a SH
|
| 992 |
# |
# |
|a 100000
|
| 994 |
# |
# |
|a DLU
|
| 900 |
# |
# |
|a True
|
| 911 |
# |
# |
|a Nguyễn Thanh Hương
|
| 925 |
# |
# |
|a G
|
| 926 |
# |
# |
|a A
|
| 927 |
# |
# |
|a SH
|
| 980 |
# |
# |
|a Thư viện Trường Đại học Đà Lạt
|